Ejercicios gramaticales i gramática elemtal: Tomo II

Gespeichert in:
Bibliographische Detailangaben
1. Verfasser: Sálas Marchan, M.
Format: Buch
Sprache:Spanisch
Erschienen: Imprenta, litografía i encuadernación La ilustración 1907 214 p.
Ausgabe:Santiago
Katalog:MANES:  Suchergebnis im Bibliothekskatalog
Schulbuchspezifische Eigenschaften:
Tags: Tag hinzufügen
Keine Tags, Fügen Sie den ersten Tag hinzu!
Hinzugefügt zu:09.02.2022
Geändert in:25.04.2025

MARC

LEADER 00000nam a22000007a 4500
005 20250425101520.0
008 220210b |||||||| |||| 00| 0 spa d
040 |a MGM 
100 |9 41630  |a Sálas Marchan, M. 
245 |a Ejercicios gramaticales i gramática elemtal: Tomo II 
250 |a Santiago 
260 |a Imprenta, litografía i encuadernación La ilustración  |b 1907  |c 214 p. 
300 |a 214 p.  |c 17 x 12,5 cm. 
546 |a Chile  
561 |5 cl-MGM  |3 T 415 S159e T2  |a Chile. Museo Gabriela Mistral  |k MANES 
690 |a LEN 
691 |a PRI  |a SE 
942 |2 ddc  |c BK 
999 |c 99062  |d 99062 
999 |c manes:99062  |d 99062